La Duquesa de la Victoria / (Record no. 24772)

MARC details
000 -LEADER
campo de control de longitud fija 00581nam a2200181 i 4500
001 - NÚMERO DE CONTROL
campo de control 24772
003 - IDENTIFICADOR DE NÚMERO DE CONTROL
campo de control ES-MaACL
005 - FECHA Y HORA DE LA ÚLTIMA TRANSACCIÓN
campo de control 20250809001822.0
007 - CAMPO FIJO DE DESCRIPCIÓN FÍSICA--INFORMACIÓN GENERAL
campo de control de longitud fija t|
008 - DATOS DE LONGITUD FIJA--INFORMACIÓN GENERAL
campo de control de longitud fija 021218s1958 sp ||||1| spa d
100 1# - ENTRADA PRINCIPAL--NOMBRE DE PERSONA
Nombre de persona Angoloti de Cárdenas, Ignacio.
9 (RLIN) 21752
245 13 - MENCIÓN DEL TÍTULO
Título La Duquesa de la Victoria /
Mención de responsabilidad, etc. I. A. C.
260 ## - PUBLICACIÓN, DISTRIBUCIÓN, ETC.
Lugar de publicación, distribución, etc. Madrid :
Nombre del editor, distribuidor, etc. [s.n.,
Fecha de publicación, distribución, etc. 1958] (
Fabricante Graf. Altamira)
300 ## - DESCRIPCIÓN FÍSICA
Extensión 226 p., 10 lám. ;
Dimensiones 22 cm.
600 17 - PUNTO DE ACCESO ADICIONAL DE MATERIA--NOMBRE DE PERSONA
Nombre de persona Angoloti y Mesa, María del Carmen,
Títulos y otros términos asociados al nombre Duquesa de la Victoria,
Fechas asociadas al nombre 1875-1959
Fuente del encabezamiento o término
9 (RLIN) 153807
852 ## - LOCALIZACIÓN
Ubicación ES-MaACL
Número de control de estantería C-16958
Sublocalización o colección R.45528
Holdings
Estatus retirado Estado de pérdida Estado de daño No para préstamo Biblioteca de origen Biblioteca actual Ubicación en estantería Fecha de adquisición Fuente de adquisición Total de préstamos Signatura topográfica completa Código de barras Visto por última vez Precio de reemplazo Tipo de ítem Koha
        Biblioteca del Ateneo de Madrid Biblioteca del Ateneo de Madrid Galería 17/01/2008     C-16958 1025541 23/02/2023 23/02/2023 Libro impreso